01326nam a2200337Ia 4500001001200000003000800012006001900020007001500039008004100054010001700095015001900112020001500131020001500146020002200161040002100183035002100204050002800225082002100253100002200274245012500296250001200421260004300433300003100476504005100507533015200558650005900710650004700769655002900816710001700845856012600862ebr10135750CaPaEBRm u cr cn|||||||||050202s2005 nyuab sb 001 0 eng d z 2005043045 aGBA5210612bnb z1403980861 z1403968802 z1403968810 (pbk.) aCaPaEBRcCaPaEBR a(OCoLC)56053822114aJK526 2004b.W56 2005eb04a324.973/09312221 aMcMahon, Kevin J.10aWinning the White House, 2004h[electronic resource] :bregion by region, vote by vote /cKevin J. McMahon ... [et al.]. a1st ed. aNew York :bPalgrave Macmillan,c2005. axiv, 223 p. :bill., maps. aIncludes bibliographical references and index. aElectronic reproduction.bPalo Alto, Calif. :cebrary,d2009.nAvailable via World Wide Web.nAccess may be limited to ebrary affiliated libraries. 0aPresidentszUnited StatesxElectiony2004vStatistics. 0aPresidentszUnited StatesxElectiony2004. 7aElectronic books.2local2 aebrary, Inc.40uhttp://site.ebrary.com/lib/rucke/Doc?id=10135750zAn electronic book accessible through the World Wide Web; click to view